[Event "PokerStars Masters 2nd"]
[Site "Douglas"]
[Date "2015.10.06"]
[Round "4.23"]
[White "Arkell, Keith C"]
[Black "Shvayger, Yuliya"]
[Result "1/2-1/2"]
[WhiteElo "2505"]
[BlackElo "2368"]
[PlyCount "151"]
[EventDate "2015.10.03"]
[EventType "swiss"]
[EventRounds "9"]
[EventCountry "IOM"]
[SourceTitle "twic1065-1099"]
[Source "Mark Crowther"]
[SourceDate "2015.12.04"]
[SourceVersion "1"]
[SourceVersionDate "2015.12.04"]
[SourceQuality "1"]

1. Nf3 Nf6 2. c4 g6 3. Nc3 d5 4. cxd5 Nxd5 5. g3 Bg7 6. Bg2 Nb6 7. O-O Nc6 8.
d3 Rb8 9. Be3 Bg4 10. Qd2 O-O 11. Bh6 e5 12. Bxg7 Kxg7 13. Rfd1 Qe7 14. h3 Bxf3
15. Bxf3 Nd4 16. Bg2 c6 17. e3 Nf5 18. Ne4 a6 19. Qc3 Rfd8 20. Qc5 Qxc5 21.
Nxc5 Nd7 22. Rac1 Nxc5 23. Rxc5 f6 24. b4 Rd6 25. Kf1 Rbd8 26. Ke2 Ne7 27. g4
Nd5 28. a3 Nb6 29. g5 Nd5 30. gxf6+ Kxf6 31. h4 h5 32. Be4 Ne7 33. f4 exf4 34.
Rf1 Nd5 35. Bxd5 Rxd5 36. Rxf4+ Ke6 37. d4 a5 38. Re4+ Kd6 39. Rxa5 Rxa5 40.
bxa5 c5 41. Kd3 Ra8 42. Re5 cxd4 43. Kxd4 b6 44. Rg5 Rxa5 45. Rxg6+ Ke7 46. e4
Rxa3 47. Rh6 b5 48. Rxh5 b4 49. Rh7+ Ke8 50. e5 b3 51. Rb7 Ra4+ 52. Kd5 Ra5+
53. Ke6 Ra6+ 54. Kf5 Rh6 55. Kg5 Re6 56. Rxb3 Rxe5+ 57. Kf6 Re1 58. Rb8+ Kd7
59. Rb5 Ke8 60. Kg7 Re7+ 61. Kg8 Re4 62. h5 Rg4+ 63. Kh7 Rg1 64. Rb6 Kf7 65.
Rg6 Rh1 66. Rg5 Kf6 67. Kh6 Kf7 68. Kh7 Kf6 69. Ra5 Kf7 70. h6 Rg1 71. Ra7+ Kf8
72. Rg7 Rh1 73. Rg5 Rf1 74. Kh8 Rf6 75. Rh5 Kf7 76. Kh7 1/2-1/2

[Event "PokerStars Masters 2nd"]
[Site "Douglas"]
[Date "2015.10.06"]
[Round "4.24"]
[White "Gormally, Daniel"]
[Black "Ansell, Simon"]
[Result "1/2-1/2"]
[WhiteElo "2500"]
[BlackElo "2360"]
[PlyCount "147"]
[EventDate "2015.10.03"]
[EventType "swiss"]
[EventRounds "9"]
[EventCountry "IOM"]
[SourceTitle "twic1065-1099"]
[Source "Mark Crowther"]
[SourceDate "2015.12.04"]
[SourceVersion "1"]
[SourceVersionDate "2015.12.04"]
[SourceQuality "1"]

1. d4 d5 2. c4 c6 3. Nf3 Nf6 4. Nc3 dxc4 5. a4 Bf5 6. Nh4 Bc8 7. e3 g6 8. Bxc4
Bg7 9. O-O O-O 10. Nf3 Bg4 11. h3 Bxf3 12. Qxf3 Ne8 13. Rd1 Nd6 14. Ba2 Nd7 15.
e4 Kh8 16. Bg5 h6 17. Bh4 Qe8 18. Qe2 e6 19. Bg3 Qe7 20. h4 Rad8 21. h5 e5 22.
hxg6 fxg6 23. d5 c5 24. Qg4 Qf6 25. Qe6 Rfe8 26. Qxf6 Bxf6 27. f3 a6 28. Bb1
Rc8 29. b3 Kg7 30. Bd3 Bd8 31. a5 h5 32. Bf1 Rh8 33. Bf2 h4 34. Nb1 Bg5 35. Nd2
Kf6 36. Nc4 Ke7 37. Rdb1 Rc7 38. Nb6 Bd2 39. Ra2 Bb4 40. Rc1 g5 41. Ra4 Kd8 42.
Be3 Rg8 43. Bd3 Rg6 44. Kf2 Nb5 45. Ra2 Nd4 46. d6 Rc6 47. Bxd4 cxd4 48. Rxc6
bxc6 49. Bxa6 Bxd6 50. Bd3 Bc5 51. Na4 Kc7 52. Nxc5 Nxc5 53. Bc4 Kb8 54. a6 Ka7
55. Ra5 Nd7 56. Bf7 Rd6 57. Be8 d3 58. Ke1 d2+ 59. Kd1 g4 60. Bxd7 gxf3 61.
gxf3 Rxd7 62. Rxe5 Rf7 63. Kxd2 Rxf3 64. Rh5 Rxb3 65. e5 Kxa6 66. e6 h3 67. e7
Rb8 68. Rxh3 Re8 69. Re3 Kb6 70. Kc3 Kc5 71. Re1 Kd6 72. Rd1+ Kxe7 73. Kc4 Rd8
74. Re1+ 1/2-1/2

[Event "PokerStars Masters 2nd"]
[Site "Douglas"]
[Date "2015.10.06"]
[Round "4.25"]
[White "Ciuksyte, Dagne"]
[Black "Hebden, Mark"]
[Result "0-1"]
[WhiteElo "2354"]
[BlackElo "2490"]
[PlyCount "52"]
[EventDate "2015.10.03"]
[EventType "swiss"]
[EventRounds "9"]
[EventCountry "IOM"]
[SourceTitle "twic1065-1099"]
[Source "Mark Crowther"]
[SourceDate "2015.12.04"]
[SourceVersion "1"]
[SourceVersionDate "2015.12.04"]
[SourceQuality "1"]

1. e4 e5 2. Nf3 Nc6 3. Bb5 a6 4. Ba4 Nf6 5. O-O Be7 6. Re1 b5 7. Bb3 O-O 8. h3
Bb7 9. c3 d5 10. d3 dxe4 11. dxe4 Qxd1 12. Bxd1 Rfd8 13. Bb3 Na5 14. Bc2 Nd7
15. Nbd2 c5 16. Nf1 f6 17. Ne3 Nb6 18. Kh2 Bc8 19. Nf5 Bf8 20. g4 Nbc4 21. b3
Nd6 22. Be3 Nf7 23. a4 Be6 24. Reb1 g6 25. Ng3 b4 26. c4 Nc6 0-1

[Event "PokerStars Masters 2nd"]
[Site "Douglas"]
[Date "2015.10.06"]
[Round "4.26"]
[White "Neelotpal, Das"]
[Black "Duncan, Christopher R"]
[Result "1-0"]
[WhiteElo "2465"]
[BlackElo "2334"]
[PlyCount "85"]
[EventDate "2015.10.03"]
[EventType "swiss"]
[EventRounds "9"]
[EventCountry "IOM"]
[SourceTitle "twic1065-1099"]
[Source "Mark Crowther"]
[SourceDate "2015.12.04"]
[SourceVersion "1"]
[SourceVersionDate "2015.12.04"]
[SourceQuality "1"]

1. e4 c5 2. Nf3 d6 3. d4 cxd4 4. Nxd4 Nf6 5. Nc3 g6 6. Be3 a6 7. f3 b5 8. a4 b4
9. Na2 a5 10. c3 bxc3 11. Nxc3 Bg7 12. Bb5+ Bd7 13. Rc1 O-O 14. Qd3 e6 15. O-O
Qe7 16. Rc2 Rd8 17. Bg5 h6 18. Bh4 g5 19. Bf2 Bxb5 20. axb5 Nfd7 21. Rd1 Ne5
22. Qe2 Nbd7 23. Nc6 Nxc6 24. bxc6 Nc5 25. Nb5 Rac8 26. c7 Rxc7 27. e5 Bxe5 28.
Nxc7 Qxc7 29. Rxc5 Bxh2+ 30. Kxh2 dxc5+ 31. Bg3 Qb6 32. Rxd8+ Qxd8 33. Qe5 c4
34. Be1 g4 35. fxg4 a4 36. Bc3 Qh4+ 37. Kg1 Kf8 38. Qb8+ Ke7 39. Bb4+ Kd7 40.
Qd6+ Kc8 41. Ba5 Kb7 42. Qb6+ Ka8 43. Qc6+ 1-0

[Event "PokerStars Masters 2nd"]
[Site "Douglas"]
[Date "2015.10.06"]
[Round "4.27"]
[White "Berry, Neil"]
[Black "Nakar, Eylon"]
[Result "1-0"]
[WhiteElo "2355"]
[BlackElo "2463"]
[PlyCount "91"]
[EventDate "2015.10.03"]
[EventType "swiss"]
[EventRounds "9"]
[EventCountry "IOM"]
[SourceTitle "twic1065-1099"]
[Source "Mark Crowther"]
[SourceDate "2015.12.04"]
[SourceVersion "1"]
[SourceVersionDate "2015.12.04"]
[SourceQuality "1"]

1. d4 Nf6 2. c4 g6 3. Nc3 Bg7 4. e4 O-O 5. Nf3 d6 6. Be2 e5 7. O-O Nc6 8. d5
Ne7 9. Nd2 a5 10. a3 Bd7 11. b3 Ne8 12. Rb1 f5 13. b4 axb4 14. axb4 Nf6 15. c5
Kh8 16. f3 f4 17. Nc4 g5 18. b5 dxc5 19. d6 Ng6 20. dxc7 Qxc7 21. Qd6 Qxd6 22.
Nxd6 b6 23. Bc4 h6 24. Rd1 Kh7 25. Bb2 g4 26. Ra1 gxf3 27. gxf3 Bh3 28. Be2 Ne7
29. Rxa8 Rxa8 30. Nc4 Nd7 31. Bf1 Bxf1 32. Kxf1 Ra7 33. Rd6 Rb7 34. Re6 Bf8 35.
Na4 Nc8 36. Nxe5 Nxe5 37. Bxe5 Ra7 38. Nxb6 Nxb6 39. Rxb6 Ra3 40. Rb8 Rxf3+ 41.
Kg2 Re3 42. Rxf8 Rxe4 43. Bxf4 Rb4 44. Kf3 Rxb5 45. Rf6 Rb3+ 46. Ke4 1-0

[Event "PokerStars Masters 2nd"]
[Site "Douglas"]
[Date "2015.10.06"]
[Round "4.28"]
[White "Tate, Alan"]
[Black "Pert, Richard G"]
[Result "0-1"]
[WhiteElo "2341"]
[BlackElo "2450"]
[PlyCount "60"]
[EventDate "2015.10.03"]
[EventType "swiss"]
[EventRounds "9"]
[EventCountry "IOM"]
[SourceTitle "twic1065-1099"]
[Source "Mark Crowther"]
[SourceDate "2015.12.04"]
[SourceVersion "1"]
[SourceVersionDate "2015.12.04"]
[SourceQuality "1"]

1. e4 e6 2. d4 d5 3. Nd2 Nf6 4. e5 Nfd7 5. f4 c5 6. c3 Nc6 7. Ndf3 Qb6 8. a3
Be7 9. b4 cxd4 10. cxd4 a6 11. Bb2 Qc7 12. Rc1 b5 13. Qc2 Bb7 14. f5 Nb6 15.
fxe6 fxe6 16. Bd3 Nc4 17. Bxc4 dxc4 18. d5 exd5 19. Qf5 d4 20. Bxd4 Nxd4 21.
Nxd4 Rf8 22. Qh3 Qxe5+ 23. Nge2 Rd8 24. Qe6 Qf6 25. Qxf6 Rxf6 26. Rg1 Bd6 27.
Rc3 Kf7 28. Re3 Bb8 29. Kd2 Bxh2 30. Rh1 Bf4 0-1

[Event "PokerStars Masters 2nd"]
[Site "Douglas"]
[Date "2015.10.06"]
[Round "4.29"]
[White "Paehtz, Elisabeth"]
[Black "Mannion, Stephen R"]
[Result "1-0"]
[WhiteElo "2447"]
[BlackElo "2344"]
[PlyCount "140"]
[EventDate "2015.10.03"]
[EventType "swiss"]
[EventRounds "9"]
[EventCountry "IOM"]
[SourceTitle "twic1065-1099"]
[Source "Mark Crowther"]
[SourceDate "2015.12.04"]
[SourceVersion "1"]
[SourceVersionDate "2015.12.04"]
[SourceQuality "1"]

1. e4 e5 2. Nf3 Nc6 3. Bc4 Bc5 4. c3 Nf6 5. d3 d6 6. Bb3 h6 7. h3 a5 8. Nbd2 b5
9. a4 b4 10. Nc4 bxc3 11. bxc3 Rb8 12. Ba2 O-O 13. O-O Ba7 14. Na3 Be6 15. Nb5
Bb6 16. Re1 Re8 17. Bxe6 Rxe6 18. Be3 d5 19. Bxb6 Rxb6 20. Nd2 Rb8 21. Nb3 Qe7
22. Qf3 Rd8 23. g3 dxe4 24. dxe4 Nh7 25. Qe3 Rf6 26. Kg2 Ng5 27. h4 Ne6 28.
Rad1 Rxd1 29. Rxd1 g5 30. hxg5 hxg5 31. Rh1 Rg6 32. Qe2 g4 33. Nd2 Nc5 34. Nc4
Ne6 35. Kf1 Qg5 36. Ne3 Nf4 37. gxf4 exf4 38. Nf5 Ne5 39. Qd2 c6 40. Nbd4 Nc4
41. Qc1 c5 42. Ne2 f3 43. Qxg5 fxe2+ 44. Kxe2 Rxg5 45. Rb1 g3 46. Nxg3 Re5 47.
Kd3 Nd6 48. Rb8+ Kh7 49. f4 Re7 50. e5 Ne8 51. Ne4 Ng7 52. Nxc5 Nh5 53. Ke3 Rc7
54. Rb5 Kg6 55. Ne4 Ng7 56. Rxa5 Rc4 57. Ra6+ Kh5 58. Kf3 Nf5 59. Rf6 Nh4+ 60.
Ke3 Rxa4 61. Rxf7 Ng2+ 62. Kf2 Ra2+ 63. Kg3 Ne1 64. e6 Re2 65. Rf5+ Kh6 66. Re5
Nd3 67. e7 Re3+ 68. Kg4 Nxe5+ 69. fxe5 Rxe4+ 70. Kf5 Rd4 1-0

[Event "PokerStars Masters 2nd"]
[Site "Douglas"]
[Date "2015.10.06"]
[Round "4.30"]
[White "Swayams, Mishra"]
[Black "Lyell, Mark"]
[Result "1-0"]
[WhiteElo "2444"]
[BlackElo "2285"]
[PlyCount "155"]
[EventDate "2015.10.03"]
[EventType "swiss"]
[EventRounds "9"]
[EventCountry "IOM"]
[SourceTitle "twic1065-1099"]
[Source "Mark Crowther"]
[SourceDate "2015.12.04"]
[SourceVersion "1"]
[SourceVersionDate "2015.12.04"]
[SourceQuality "1"]

1. d4 e6 2. c4 f5 3. g3 Nf6 4. Bg2 c6 5. Nf3 d5 6. Bf4 Bd6 7. Nc3 Bxf4 8. gxf4
Nbd7 9. Ne5 O-O 10. e3 Nxe5 11. fxe5 Ne4 12. Bxe4 fxe4 13. Qg4 Qe7 14. Rg1 Bd7
15. Rg2 Be8 16. O-O-O Rc8 17. Ne2 Bg6 18. Rdg1 Rc7 19. Nf4 Bf5 20. Qe2 Qb4 21.
c5 b6 22. a3 Qb3 23. Qc2 Qb5 24. Nh5 Kh8 25. Rg3 Rg8 26. cxb6 axb6 27. Kb1 c5
28. Ka2 c4 29. Qc3 Qa4 30. Kb1 Ra7 31. h4 b5 32. Kc1 b4 33. Qxb4 Qxb4 34. axb4
Rb8 35. Rxg7 Rxg7 36. Nxg7 Bh3 37. Nh5 Rxb4 38. Nf6 Rb8 39. h5 h6 40. Kc2 Ra8
41. Kc3 Bf5 42. Kb4 Rc8 43. Ra1 Rb8+ 44. Kc3 Rb7 45. Ra8+ Kg7 46. Ne8+ Kh7 47.
Kc2 Bh3 48. Ra1 Kg8 49. Rh1 Kf8 50. Nf6 Bf5 51. Rg1 Ra7 52. Ng8 Rg7 53. Rxg7
Kxg7 54. Nf6 Bh3 55. Kc3 Bg2 56. Kb4 Bf3 57. Kc5 Kf7 58. Kd6 Be2 59. Kd7 Bd1
60. Kd8 Be2 61. Kc7 Bf3 62. Kd6 Be2 63. Kc5 Bf3 64. Kb4 Be2 65. Kc3 Bf3 66. Kd2
Kg7 67. Ke1 Bg2 68. f4 exf3 69. Kf2 Kf7 70. e4 dxe4 71. Nxe4 Ke7 72. Nd2 Kd7
73. Nxc4 Kc6 74. Ne3 Kb5 75. Ng4 Kc4 76. Nxh6 Bh3 77. Kxf3 Kxd4 78. Kf4 1-0

[Event "PokerStars Masters 2nd"]
[Site "Douglas"]
[Date "2015.10.06"]
[Round "4.31"]
[White "Williams, Simon Kim"]
[Black "Efroimski, Marsel"]
[Result "1-0"]
[WhiteElo "2429"]
[BlackElo "2255"]
[PlyCount "50"]
[EventDate "2015.10.03"]
[EventType "swiss"]
[EventRounds "9"]
[EventCountry "IOM"]
[SourceTitle "twic1065-1099"]
[Source "Mark Crowther"]
[SourceDate "2015.12.04"]
[SourceVersion "1"]
[SourceVersionDate "2015.12.04"]
[SourceQuality "1"]

1. d4 d5 2. c4 dxc4 3. Nf3 Nf6 4. e3 Bg4 5. Bxc4 e6 6. Nbd2 Nbd7 7. Qb3 Bxf3 8.
Nxf3 Nb6 9. Be2 Qd5 10. O-O Qxb3 11. axb3 a6 12. Ne5 Nfd7 13. Nc4 Be7 14. f4
O-O 15. Bf3 c6 16. g4 f5 17. Bd2 Nd5 18. g5 c5 19. Rae1 b5 20. Na5 N7b6 21. e4
fxe4 22. Rxe4 Rae8 23. Rxe6 Bf6 24. Rxf6 gxf6 25. dxc5 fxg5 1-0

[Event "PokerStars Masters 2nd"]
[Site "Douglas"]
[Date "2015.10.06"]
[Round "4.32"]
[White "Zwahr, Paul"]
[Black "Basso, Pier Luigi"]
[Result "0-1"]
[WhiteElo "2326"]
[BlackElo "2428"]
[PlyCount "86"]
[EventDate "2015.10.03"]
[EventType "swiss"]
[EventRounds "9"]
[EventCountry "IOM"]
[SourceTitle "twic1065-1099"]
[Source "Mark Crowther"]
[SourceDate "2015.12.04"]
[SourceVersion "1"]
[SourceVersionDate "2015.12.04"]
[SourceQuality "1"]

1. e4 c6 2. d4 d5 3. Nd2 dxe4 4. Nxe4 Bf5 5. Ng3 Bg6 6. h4 h6 7. Nf3 e6 8. Ne5
Bh7 9. Bd3 Bxd3 10. Qxd3 Nd7 11. f4 c5 12. Be3 Nxe5 13. fxe5 cxd4 14. Bxd4 Ne7
15. O-O-O Qd5 16. Kb1 Nc6 17. Bc3 Qxd3 18. Rxd3 Be7 19. Ne4 h5 20. g3 Rd8 21.
Rhd1 Rxd3 22. Rxd3 Rh6 23. Bd2 Rg6 24. Bf4 f6 25. exf6 gxf6 26. c3 e5 27. Bc1
Kf7 28. Kc2 Ke6 29. Rf3 Rg4 30. Nf2 Rg8 31. Ne4 Nd8 32. c4 Rg4 33. Re3 f5 34.
Nd2 Bc5 35. Re2 Nc6 36. Nb3 Nd4+ 37. Nxd4+ Bxd4 38. Be3 Bxe3 39. Rxe3 Rxc4+ 40.
Kd3 Rd4+ 41. Ke2 Re4 42. Rxe4 fxe4 43. Kf2 Kf5 0-1

[Event "PokerStars Masters 2nd"]
[Site "Douglas"]
[Date "2015.10.06"]
[Round "4.33"]
[White "Jedynak, Radoslaw"]
[Black "Afek, Yochanan"]
[Result "0-1"]
[WhiteElo "2427"]
[BlackElo "2252"]
[PlyCount "52"]
[EventDate "2015.10.03"]
[EventType "swiss"]
[EventRounds "9"]
[EventCountry "IOM"]
[SourceTitle "twic1065-1099"]
[Source "Mark Crowther"]
[SourceDate "2015.12.04"]
[SourceVersion "1"]
[SourceVersionDate "2015.12.04"]
[SourceQuality "1"]

1. e4 c5 2. Nf3 d6 3. d4 cxd4 4. Nxd4 Nf6 5. Nc3 g6 6. Be3 Bg7 7. f3 Nc6 8. Qd2
O-O 9. O-O-O Nxd4 10. Bxd4 Be6 11. h4 Qa5 12. Kb1 Rfc8 13. g4 Rxc3 14. Qxc3
Qxa2+ 15. Kc1 Bxg4 16. Qe3 e5 17. fxg4 exd4 18. Qa3 Qxa3 19. bxa3 Nxg4 20. Re1
Rc8 21. Bh3 d3 22. Bxg4 Rxc2+ 23. Kb1 Rb2+ 24. Ka1 Rg2+ 25. Kb1 Rxg4 26. h5 Rg2
0-1

[Event "PokerStars Masters 2nd"]
[Site "Douglas"]
[Date "2015.10.06"]
[Round "4.34"]
[White "Kolbus, Dietmar"]
[Black "Cherniaev, Alexander"]
[Result "1/2-1/2"]
[WhiteElo "2300"]
[BlackElo "2458"]
[PlyCount "56"]
[EventDate "2015.10.03"]
[EventType "swiss"]
[EventRounds "9"]
[EventCountry "IOM"]
[SourceTitle "twic1065-1099"]
[Source "Mark Crowther"]
[SourceDate "2015.12.04"]
[SourceVersion "1"]
[SourceVersionDate "2015.12.04"]
[SourceQuality "1"]

1. Nf3 g6 2. c4 Bg7 3. d4 d6 4. e4 Nf6 5. Nc3 O-O 6. Be2 Na6 7. O-O e5 8. d5
Nc5 9. Nd2 a5 10. Qc2 Bh6 11. Nb3 Bxc1 12. Raxc1 b6 13. Nxc5 bxc5 14. a4 Bd7
15. Nb5 h5 16. Qd3 Kg7 17. Rce1 Rh8 18. Bd1 Be8 19. Qc3 Nd7 20. f4 f6 21. f5 g5
22. Bc2 Nb8 23. Ra1 Bf7 24. Rad1 Be8 25. Rd2 Bf7 26. Rdd1 Be8 27. Rd2 Bf7 28.
Rdd1 Be8 1/2-1/2

[Event "PokerStars Masters 2nd"]
[Site "Douglas"]
[Date "2015.10.06"]
[Round "4.35"]
[White "Satyapragyan, Swayangsu"]
[Black "Allen, Keith"]
[Result "1-0"]
[WhiteElo "2416"]
[BlackElo "2210"]
[PlyCount "79"]
[EventDate "2015.10.03"]
[EventType "swiss"]
[EventRounds "9"]
[EventCountry "IOM"]
[SourceTitle "twic1065-1099"]
[Source "Mark Crowther"]
[SourceDate "2015.12.04"]
[SourceVersion "1"]
[SourceVersionDate "2015.12.04"]
[SourceQuality "1"]

1. e4 e5 2. Nf3 Nc6 3. Bb5 a6 4. Ba4 Nf6 5. O-O Be7 6. Re1 b5 7. Bb3 d6 8. c3
O-O 9. h3 Bb7 10. d4 Re8 11. Nbd2 Bf8 12. a3 h6 13. Ba2 Qd7 14. d5 Ne7 15. b4
c6 16. c4 bxc4 17. dxc6 Bxc6 18. Nxc4 Ng6 19. Nb6 Qb7 20. Nxa8 Qxa8 21. Nd2
Nxe4 22. Nxe4 Bxe4 23. Qg4 Bd5 24. Bxd5 Qxd5 25. Be3 Be7 26. Rac1 Qb7 27. Qc4
d5 28. Qc6 Qb5 29. Qxb5 axb5 30. Bc5 Bg5 31. Ra1 Nf4 32. Rad1 Bf6 33. g3 Nxh3+
34. Kg2 Ng5 35. Rxd5 Ra8 36. Be3 Ne6 37. Rxb5 Rxa3 38. Rb1 e4 39. Rd5 Kf8 40.
b5 1-0

[Event "PokerStars Masters 2nd"]
[Site "Douglas"]
[Date "2015.10.06"]
[Round "4.36"]
[White "Ambartsumova, Karina"]
[Black "Gara, Ticia"]
[Result "0-1"]
[WhiteElo "2262"]
[BlackElo "2370"]
[PlyCount "45"]
[EventDate "2015.10.03"]
[EventType "swiss"]
[EventRounds "9"]
[EventCountry "IOM"]
[SourceTitle "twic1065-1099"]
[Source "Mark Crowther"]
[SourceDate "2015.12.04"]
[SourceVersion "1"]
[SourceVersionDate "2015.12.04"]
[SourceQuality "1"]

1. e4 c5 2. Nf3 d6 3. d4 cxd4 4. Nxd4 Nf6 5. Nc3 Bd7 6. Bg5 e6 7. Ndb5 Bc6 8.
Bxf6 gxf6 9. Qh5 a6 10. Nd4 Bd7 11. Bc4 Qc8 12. Bb3 Qc5 13. Nf5 Nc6 14. O-O-O
Ne5 15. f4 Ng6 16. Na4 Qc7 17. Nd4 Nxf4 18. Qh4 Ng6 19. Qxf6 Bh6+ 20. Kb1 O-O
21. h4 Bg7 22. Qf2 b5 23. Nc3 0-1

[Event "PokerStars Masters 2nd"]
[Site "Douglas"]
[Date "2015.10.06"]
[Round "4.37"]
[White "House, Glenn L"]
[Black "Jackson, James P"]
[Result "1/2-1/2"]
[WhiteElo "2229"]
[BlackElo "2368"]
[PlyCount "81"]
[EventDate "2015.10.03"]
[EventType "swiss"]
[EventRounds "9"]
[EventCountry "IOM"]
[SourceTitle "twic1065-1099"]
[Source "Mark Crowther"]
[SourceDate "2015.12.04"]
[SourceVersion "1"]
[SourceVersionDate "2015.12.04"]
[SourceQuality "1"]

1. e4 e6 2. d3 d5 3. Nd2 Nf6 4. Ngf3 Be7 5. Be2 O-O 6. O-O b6 7. c3 c5 8. Re1
Bb7 9. e5 Nfd7 10. d4 cxd4 11. cxd4 Ba6 12. Bxa6 Nxa6 13. Nf1 Rc8 14. Qe2 Nb4
15. Ne3 Qc7 16. Bd2 Qb7 17. a3 Nc6 18. Qd3 Ndb8 19. b4 b5 20. a4 a6 21. Reb1
Nd7 22. a5 Rfe8 23. Ng4 Nf8 24. h4 Qd7 25. h5 h6 26. Rb2 Nh7 27. Rab1 Bf8 28.
Bxh6 f5 29. exf6 g6 30. Bxf8 Rxf8 31. Nh6+ Kh8 32. Nh4 Ne7 33. Nxg6+ Nxg6 34.
hxg6 Nxf6 35. f4 Ne4 36. Qh3 Kg7 37. g4 Rh8 38. Rh2 Qd6 39. Rf1 Qxb4 40. g5
Qxd4+ 41. Kh1 1/2-1/2

[Event "PokerStars Masters 2nd"]
[Site "Douglas"]
[Date "2015.10.06"]
[Round "4.38"]
[White "Arakhamia-Grant, Ketevan"]
[Black "Walton, Alan J"]
[Result "1/2-1/2"]
[WhiteElo "2363"]
[BlackElo "2205"]
[PlyCount "90"]
[EventDate "2015.10.03"]
[EventType "swiss"]
[EventRounds "9"]
[EventCountry "IOM"]
[SourceTitle "twic1065-1099"]
[Source "Mark Crowther"]
[SourceDate "2015.12.04"]
[SourceVersion "1"]
[SourceVersionDate "2015.12.04"]
[SourceQuality "1"]

1. e4 e6 2. d4 d5 3. Nc3 Nf6 4. e5 Nfd7 5. f4 c5 6. Nf3 Nc6 7. Be3 cxd4 8. Nxd4
Bc5 9. Qd2 a6 10. O-O-O O-O 11. Qf2 Qe7 12. Bd3 Nxd4 13. Bxd4 Bxd4 14. Qxd4 b5
15. Kb1 b4 16. Na4 a5 17. Bb5 Rb8 18. Bc6 Bb7 19. Bxd7 Qxd7 20. b3 Bc6 21. Nc5
Qe7 22. Rc1 Rfc8 23. c3 Be8 24. Nd3 Bb5 25. Nb2 bxc3 26. Rxc3 Rxc3 27. Qxc3 a4
28. Rc1 axb3 29. axb3 Qb7 30. g4 h6 31. g5 hxg5 32. fxg5 Bd7 33. Nd3 Qxb3+ 34.
Qxb3 Rxb3+ 35. Kc2 Ba4 36. Kd2 Bb5 37. Nf4 g6 38. Rc8+ Kg7 39. Rc7 Kf8 40. Rb7
Rf3 41. Nxe6+ fxe6 42. Rxb5 Rf5 43. Rb8+ Ke7 44. Rb7+ Kf8 45. Rb8+ Kf7 1/2-1/2

[Event "PokerStars Masters 2nd"]
[Site "Douglas"]
[Date "2015.10.06"]
[Round "4.39"]
[White "Grant, Jonathan"]
[Black "Vuilleumier, Alexandre"]
[Result "1/2-1/2"]
[WhiteElo "2225"]
[BlackElo "2345"]
[PlyCount "209"]
[EventDate "2015.10.03"]
[EventType "swiss"]
[EventRounds "9"]
[EventCountry "IOM"]
[SourceTitle "twic1065-1099"]
[Source "Mark Crowther"]
[SourceDate "2015.12.04"]
[SourceVersion "1"]
[SourceVersionDate "2015.12.04"]
[SourceQuality "1"]

1. c4 e5 2. g3 Nf6 3. Bg2 h6 4. Nc3 Bb4 5. d3 Bxc3+ 6. bxc3 O-O 7. e4 d6 8. h3
a6 9. a4 Nbd7 10. f4 Nc5 11. Nf3 Nh5 12. Be3 Nxg3 13. Rg1 f5 14. Nxe5 fxe4 15.
dxe4 dxe5 16. Bxc5 Qxd1+ 17. Rxd1 Rxf4 18. Rd8+ Kh7 19. Re8 Nxe4 20. Be3 Nf6
21. Re7 Rxc4 22. Bd5 Rg4 23. hxg4 Nxd5 24. Rxe5 Nxe3 25. Rxe3 Bd7 26. a5 Bc6
27. Rf1 Re8 28. Rxe8 Bxe8 29. Rf8 Bd7 30. Rb8 Bc6 31. Rc8 Kg6 32. Rxc7 Kf6 33.
Kf2 g6 34. Rh7 Kg5 35. Kg3 h5 36. gxh5 gxh5 37. Rg7+ Kf6 38. Rg8 Bd5 39. Rd8
Ke5 40. Rh8 Kd6 41. Rxh5 Kc5 42. Kf4 Kc4 43. Ke5 Bc6 44. Rh7 Kb5 45. Rh4 Kxa5
46. Rb4 Bb5 47. Rb2 Ka4 48. Kd6 Ka3 49. Rb4 Bc6 50. Kc5 a5 51. Rb1 a4 52. c4
Ka2 53. Re1 Kb3 54. Re3+ Kc2 55. Kb4 Kd2 56. Rc3 Be4 57. c5 Bc6 58. Ra3 Kc2 59.
Rh3 Kd2 60. Kc4 Be4 61. Kd4 Bc6 62. Rh2+ Kc1 63. Kc3 Kd1 64. Rd2+ Ke1 65. Rd6
Ke2 66. Re6+ Kf3 67. Kb4 Kf4 68. Re1 Kf5 69. Re3 Kf4 70. Re1 Kf5 71. Ka5 Kf6
72. Re3 Kf5 73. Kb6 Kf4 74. Re1 Bd5 75. Rd1 Ke5 76. Ka5 Bc6 77. Kb4 Ke4 78. Rd8
Ke5 79. Rd2 Ke4 80. Kc4 Ke3 81. Rd6 Ke2 82. Kc3 Ke3 83. Re6+ Kf4 84. Kd4 Kf5
85. Re1 Kf6 86. Re5 Kf7 87. Ke3 Kf6 88. Kf4 Bg2 89. Re3 Bf1 90. Re4 Bb5 91. Re1
Bc4 92. Ke4 Bb5 93. Kd5 Bc6+ 94. Kd6 Kf5 95. Re3 Kf4 96. Re7 Kf5 97. Re1 Kf4
98. Kc7 Kf5 99. Rb1 Ke5 100. Rd1 Ke6 101. Rd6+ Ke5 102. Rd3 Ke4 103. Rg3 Kd4
104. Rg5 Kc4 105. Rg4+ 1/2-1/2

[Event "PokerStars Masters 2nd"]
[Site "Douglas"]
[Date "2015.10.06"]
[Round "4.40"]
[White "Gikas, Andreas Basilius"]
[Black "Zozulia, Anna"]
[Result "0-1"]
[WhiteElo "2208"]
[BlackElo "2335"]
[PlyCount "96"]
[EventDate "2015.10.03"]
[EventType "swiss"]
[EventRounds "9"]
[EventCountry "IOM"]
[SourceTitle "twic1065-1099"]
[Source "Mark Crowther"]
[SourceDate "2015.12.04"]
[SourceVersion "1"]
[SourceVersionDate "2015.12.04"]
[SourceQuality "1"]

1. e4 c5 2. Nf3 Nc6 3. d4 cxd4 4. Nxd4 e5 5. Nb5 d6 6. N1c3 a6 7. Na3 Be6 8.
Nc4 b5 9. Ne3 Nf6 10. g3 h5 11. h3 Be7 12. Bg2 Qd7 13. Ncd5 Bd8 14. c3 Rc8 15.
Nxf6+ Bxf6 16. Nd5 Bd8 17. Be3 Na5 18. Qd3 Nc4 19. Bc1 O-O 20. b3 Nb6 21. Ne3
a5 22. Ba3 Be7 23. Nf5 Bxf5 24. exf5 e4 25. Qd4 Bf6 26. Qxb6 Bxc3+ 27. Ke2 Rc6
28. Qe3 Bxa1 29. Rxa1 b4 30. Bc1 d5 31. Kf1 Qxf5 32. Qd4 f6 33. Be3 Rc2 34. Kg1
Qe5 35. a3 Qxd4 36. Bxd4 Rfc8 37. axb4 Rc1+ 38. Rxc1 Rxc1+ 39. Kh2 axb4 40. g4
hxg4 41. hxg4 Rc3 42. f3 exf3 43. Bf1 Rxb3 44. Kg3 Kf7 45. Kf2 Ra3 46. Bc5 Ra2+
47. Kxf3 b3 48. Bd3 b2 0-1

[Event "PokerStars Masters 2nd"]
[Site "Douglas"]
[Date "2015.10.06"]
[Round "4.41"]
[White "Ottosen, David"]
[Black "Gaehwiler, Gabriel"]
[Result "0-1"]
[WhiteElo "2096"]
[BlackElo "2328"]
[PlyCount "50"]
[EventDate "2015.10.03"]
[EventType "swiss"]
[EventRounds "9"]
[EventCountry "IOM"]
[SourceTitle "twic1065-1099"]
[Source "Mark Crowther"]
[SourceDate "2015.12.04"]
[SourceVersion "1"]
[SourceVersionDate "2015.12.04"]
[SourceQuality "1"]

1. e4 c5 2. Nf3 d6 3. d4 cxd4 4. Nxd4 Nf6 5. Nc3 a6 6. Be3 e5 7. Nb3 Be6 8. Qd2
Be7 9. f4 exf4 10. Bxf4 Nc6 11. O-O-O Ne5 12. Qe1 Qc7 13. Nd4 O-O 14. Kb1 b5
15. Nf5 Rfc8 16. Qd2 Bxf5 17. exf5 b4 18. Na4 Qc6 19. b3 Nd5 20. Qe2 Bf6 21.
Rg1 Nf3 22. Qc4 Nxg1 23. Qxc6 Rxc6 24. Bc4 Rxc4 25. bxc4 Ne2 0-1